Statistics for Champions League winners, finalists, semi-finalists all time

Click here to take the quiz!

General Stats

  • This quiz has been taken 64 times
  • The average score is 228 of 256

Answer Stats

SeasonHow Well They DidNation of ClubClub% Correct
SemiNetherlandsAjax
100%
SemiGermanyAjax
100%
1972/73WinnerNetherlandsAjax
100%
1971/72WinnerNetherlandsAjax
100%
1994/95WinnerNetherlandsAjax
100%
FinalNetherlandsAjax
100%
SemiNetherlandsAjax
100%
FinalNetherlandsAjax
100%
1970/71WinnerNetherlandsAjax
100%
FinalSpainAtletico Madrid
100%
SemiSpainAtletico Madrid
100%
SemiSpainAtletico Madrid
100%
FinalSpainAtletico Madrid
100%
FinalSpainAtletico Madrid
100%
SemiSpainAtletico Madrid
100%
SemiSpainBarcelona
100%
2014/15WinnerSpainBarcelona
100%
SemiSpainBarcelona
100%
SemiSpainBarcelona
100%
SemiSpainBarcelona
100%
SemiSpainBarcelona
100%
FinalSpainBarcelona
100%
2005/06WinnerSpainBarcelona
100%
FinalSpainBarcelona
100%
FinalSpainBarcelona
100%
SemiSpainBarcelona
100%
1991/92WinnerSpainBarcelona
100%
2010/11WinnerSpainBarcelona
100%
SemiSpainBarcelona
100%
SemiSpainBarcelona
100%
2008/09WinnerSpainBarcelona
100%
SemiSpainBarcelona
100%
1973/74WinnerGermanyBayern Munich
100%
1974/75WinnerGermanyBayern Munich
100%
FinalGermanyBayern Munich
100%
1975/76WinnerGermanyBayern Munich
100%
SemiGermanyBayern Munich
100%
2012/13WinnerGermanyBayern Munich
100%
2000/01WinnerGermanyBayern Munich
100%
SemiGermanyBayern Munich
100%
SemiGermanyBayern Munich
100%
FinalGermanyBayern Munich
100%
FinalGermanyBayern Munich
100%
SemiGermanyBayern Munich
100%
SemiGermanyBayern Munich
100%
SemiGermanyBayern Munich
100%
FinalGermanyBayern Munich
100%
SemiGermanyBayern Munich
100%
SemiGermanyBayern Munich
100%
SemiGermanyBayern Munich
100%
FinalGermanyBayern Munich
100%
FinalPortugalBenfica
100%
FinalPortugalBenfica
100%
SemiPortugalBenfica
100%
FinalPortugalBenfica
100%
1960/61WinnerPortugalBenfica
100%
1961/62WinnerPortugalBenfica
100%
FinalPortugalBenfica
100%
FinalPortugalBenfica
100%
SemiScotlandCeltic
100%
FinalScotlandCeltic
100%
SemiScotlandCeltic
100%
1966/67WinnerScotlandCeltic
100%
SemiItalyInternazionale
100%
SemiItalyInternazionale
100%
SemiItalyInternazionale
100%
FinalItalyInternazionale
100%
FinalItalyInternazionale
100%
1964/65WinnerItalyInternazionale
100%
2009/10WinnerItalyInternazionale
100%
1963/64WinnerItalyInternazionale
100%
1995/96WinnerItalyJuventus
100%
SemiItalyJuventus
100%
1984/85WinnerItalyJuventus
100%
FinalItalyJuventus
100%
FinalItalyJuventus
100%
FinalItalyJuventus
100%
FinalItalyJuventus
100%
FinalItalyJuventus
100%
FinalItalyJuventus
100%
FinalItalyJuventus
100%
SemiItalyJuventus
100%
SemiItalyJuventus
100%
FinalEnglandLiverpool
100%
1980/81WinnerEnglandLiverpool
100%
1977/78WinnerEnglandLiverpool
100%
2004/05WinnerEnglandLiverpool
100%
1976/77WinnerEnglandLiverpool
100%
1983/84WinnerEnglandLiverpool
100%
FinalEnglandLiverpool
100%
SemiEnglandLiverpool
100%
2018/19WinnerEnglandLiverpool
100%
SemiEnglandLiverpool
100%
FinalEnglandLiverpool
100%
1998/99WinnerEnglandManchester United
100%
SemiEnglandManchester United
100%
SemiEnglandManchester United
100%
SemiEnglandManchester United
100%
SemiEnglandManchester United
100%
SemiEnglandManchester United
100%
SemiEnglandManchester United
100%
2007/08WinnerEnglandManchester United
100%
FinalEnglandManchester United
100%
1967/68WinnerEnglandManchester United
100%
FinalEnglandManchester United
100%
SemiEnglandManchester United
100%
FinalItalyMilan
100%
1993/94WinnerItalyMilan
100%
FinalItalyMilan
100%
FinalItalyMilan
100%
SemiItalyMilan
100%
1989/90WinnerItalyMilan
100%
1988/89WinnerItalyMilan
100%
2002/03WinnerItalyMilan
100%
1962/63WinnerItalyMilan
100%
2006/07WinnerItalyMilan
100%
SemiItalyMilan
100%
FinalItalyMilan
100%
1968/69WinnerItalyMilan
100%
1997/98WinnerSpainReal Madrid
100%
SemiSpainReal Madrid
100%
SemiSpainReal Madrid
100%
2017/18WinnerSpainReal Madrid
100%
SemiSpainReal Madrid
100%
SemiSpainReal Madrid
100%
SemiSpainReal Madrid
100%
SemiSpainReal Madrid
100%
2016/17WinnerSpainReal Madrid
100%
SemiSpainReal Madrid
100%
2015/16WinnerSpainReal Madrid
100%
2013/14WinnerSpainReal Madrid
100%
1999/00WinnerSpainReal Madrid
100%
2001/02WinnerSpainReal Madrid
100%
1955/56WinnerSpainReal Madrid
100%
SemiSpainReal Madrid
100%
1957/58WinnerSpainReal Madrid
100%
FinalSpainReal Madrid
100%
SemiSpainReal Madrid
100%
SemiSpainReal Madrid
100%
FinalSpainReal Madrid
100%
1959/60WinnerSpainReal Madrid
100%
1965/66WinnerSpainReal Madrid
100%
1958/59WinnerSpainReal Madrid
100%
SemiSpainReal Madrid
100%
SemiSpainReal Madrid
100%
1956/57WinnerSpainReal Madrid
100%
SemiSpainReal Madrid
100%
FinalSpainReal Madrid
100%
FinalItalyRoma
100%
SemiItalyRoma
100%
SemiEnglandTottenham Hotspur
100%
FinalEnglandTottenham Hotspur
100%
SemiGermanyBorussia Dortmund
98%
1996/97WinnerGermanyBorussia Dortmund
98%
FinalGermanyBorussia Dortmund
98%
SemiGermanyBorussia Dortmund
98%
SemiEnglandChelsea
98%
SemiEnglandChelsea
98%
2011/12WinnerEnglandChelsea
98%
SemiEnglandChelsea
98%
SemiEnglandChelsea
98%
FinalEnglandChelsea
98%
SemiEnglandChelsea
98%
SemiFranceLyon
98%
SemiEnglandManchester City
98%
SemiFranceMarseille
98%
FinalFranceMarseille
98%
1992/93WinnerFranceMarseille
98%
1986/87WinnerPortugalPorto
98%
2003/04WinnerPortugalPorto
98%
SemiPortugalPorto
98%
SemiNetherlandsPSV Eindhoven
98%
SemiNetherlandsPSV Eindhoven
98%
1987/88WinnerNetherlandsPSV Eindhoven
98%
SemiScotlandRangers
98%
SemiScotlandRangers
98%
SemiEnglandArsenal
96%
FinalEnglandArsenal
96%
SemiFranceMonaco
96%
SemiFranceMonaco
96%
SemiFranceMonaco
96%
FinalFranceMonaco
96%
SemiFrancePSG
96%
1981/82WinnerEnglandAston Villa
95%
1979/80WinnerEnglandNottingham Forest
95%
1978/79WinnerEnglandNottingham Forest
95%
FinalSpainValencia
93%
FinalSpainValencia
93%
SemiGermanyHamburg
91%
1982/83WinnerGermanyHamburg
91%
FinalNetherlandsHamburg
91%
SemiSerbiaRed Star Belgrade
87%
1990/91WinnerSerbiaRed Star Belgrade
87%
SemiSerbiaRed Star Belgrade
87%
SemiSerbiaRed Star Belgrade
87%
SemiGermanySchalke
87%
1969/70WinnerNetherlandsFeyenoord
85%
SemiNetherlandsFeyenoord
85%
SemiTurkeyGalatasaray
84%
FinalEnglandLeeds
84%
SemiEnglandLeeds
84%
SemiEnglandLeeds
84%
FinalSwedenMalmo
80%
SemiUkraineDinamo Kyiv
78%
SemiUkraineDinamo Kyiv
78%
SemiUkraineDinamo Kyiv
78%
1985/86WinnerRomaniaSteaua Bucuresti
75%
SemiRomaniaSteaua Bucuresti
75%
FinalRomaniaSteaua Bucuresti
75%
SemiBelgiumAnderlecht
71%
SemiBelgiumAnderlecht
71%
FinalGermanyBayer Leverkusen
71%
FinalFranceSaint-Etienne
71%
SemiFranceSaint-Etienne
71%
SemiSpainDeportivo La Coruna
67%
FinalItalySampdoria
67%
SemiFranceBordeaux
65%
SemiGermanyBorussia Monchengladbach
65%
FinalGermanyBorussia Monchengladbach
65%
FinalBelgiumClub Brugge
65%
SemiGreecePanathinaikos
64%
SemiGreecePanathinaikos
64%
FinalGreecePanathinaikos
64%
SemiCzechiaSparta Prague
64%
FinalGermanyEintracht Frankfurt
62%
FinalItalyFiorentina
62%
SemiBulgariaCSKA Red Flag
56%
SemiBulgariaCSKA Red Flag
56%
SemiSwedenIFK Goteborg
56%
SemiSwedenIFK Goteborg
56%
SemiSwitzerlandZurich
56%
SemiSwitzerlandZurich
56%
SemiFranceNantes
55%
FinalFranceReims
55%
FinalFranceReims
55%
SemiRussiaSpartak Moscow
53%
SemiSpainVillareal
53%
SemiPolandLegia Warsaw
49%
SemiScotlandDundee
47%
SemiGermanyKoln
45%
SemiSpainReal Sociedad
45%
SemiEnglandDerby County
44%
SemiScotlandHibernian
42%
SemiSwitzerlandYoung Boys
42%
SemiScotlandDundee United
36%
FinalSerbiaPartizan Belgrade
36%
SemiCzechiaDukla Prague
29%
SemiAustriaRapid Wien
29%
SemiRomaniaDinamo Bucuresti
27%
SemiAustriaAustria Wien
25%
SemiBelgiumStandard Liege
25%
SemiHungaryUjpesti Dozsa
24%
SemiHungaryVasas ETO Gyor
18%
SemiHungaryVasas
15%
SemiPolandWidzew Lodz
15%
SemiCzechiaSpartak Trnava
11%

Score Distribution

Percentile by Number Answered

Percent of People with Each Score

Your Score History

You have not taken this quiz